-
Congreso Latinoamericano para el Desarrollo de la Lectura y Escritura (13º : 2015 : Santo Domingo, República Dominicana)
Entrada Nombre de reunión
Número de registros utilizados en: 1
001 - NÚMERO DE CONTROL
003 - IDENTIFICADOR DEL NÚMERO DE CONTROL
- campo de control:
DR-UNIBE
005 - FECHA Y HORA DE LA ÚLTIMA TRANSACCIÓN
- campo de control:
20250703114416.0
008 - DATOS DE LONGITUD FIJA
- campo de control de longitud fija:
250703|| aca||aabn | a|a d
040 ## - FUENTE DE LA CATALOGACIÓN
- Centro catalogador/agencia de origen:
DR-UNIBE
- Centro/agencia transcriptor:
DR-UNIBE
111 ## - ENCABEZAMIENTO--NOMBRE DE CONGRESO/REUNIÓN
- Nombre de congreso/reunión o jurisdicción como elemento de entrada:
Congreso Latinoamericano para el Desarrollo de la Lectura y Escritura (13º : 2015 : Santo Domingo, República Dominicana)
670 ## - FUENTE DE DATOS ENCONTRADOS
- Cita de la fuente:
Work cat.: (DR-UNIBE)113771: Congreso Latinoamericano para el Desarrollo de la Lectura y Escritura (13º : 2015 : Santo Domingo, República Dominicana), Leer y escribir en un mundo diverso : , 2015